[Event "Biel Master Tournament"]
[Site "Biel"]
[Date "2011.07.18"]
[Round "1"]
[White "Grachev, Boris"]
[Black "Gantner, Matthias"]
[Result "1/2-1/2"]
[WhiteElo "2680"]
[BlackElo "2281"]
[PlyCount "172"]
[EventDate "2011.??.??"]
[EventCountry "SUI"]
[BlackTeam "Muri"]

1. c4 e5 2. g3 Nf6 3. Bg2 Nc6 4. Nf3 Bc5 5. O-O d6 6. d3 O-O 7. Nc3 h6 8. a3 a6
9. b4 Ba7 10. h3 Rb8 11. b5 Nd4 12. e3 Nxf3+ 13. Qxf3 axb5 14. Nxb5 Bb6 15. Rb1
Be6 16. Qe2 d5 17. cxd5 Bxd5 18. Nc3 Bxg2 19. Kxg2 Qd7 20. Bb2 Rfe8 21. Rfd1
Nd5 22. Qf3 Nxc3 23. Bxc3 Bc5 24. Bb2 b6 25. Rbc1 Rbd8 26. Qe4 Qd5 27. Rc4
Qxe4+ 28. Rxe4 f6 29. Rc4 Rd7 30. Kf3 Kf7 31. Ke2 Red8 32. f4 exf4 33. gxf4 Bd6
34. f5 Ra8 35. a4 Ra5 36. e4 Re7 37. Rf1 c5 38. Bc3 Ra6 39. Rb1 Rea7 40. Rb5
Be7 41. Bd2 g6 42. fxg6+ Kxg6 43. Rb1 Bd6 44. Bc3 Be5 45. Bxe5 fxe5 46. Ke3 Kf6
47. Rc2 Rg7 48. Rf2+ Ke7 49. Rf5 Rg3+ 50. Kd2 Rxa4 51. Rxb6 Rd4 52. Rxe5+ Kd7
53. Rd5+ Rxd5 54. exd5 Rxh3 55. Kc3 Rh4 56. Rc6 h5 57. Rxc5 Kd6 58. Ra5 Rh1 59.
Kc4 h4 60. Ra6+ Kd7 61. Rh6 h3 62. Rh8 h2 63. Rh7+ Kd8 64. Kd4 Kc8 65. Rh8+ Kd7
66. Rh6 Kd8 67. Rd6+ Kc7 68. Rc6+ Kd7 69. Rc2 Kd6 70. Rc6+ Kd7 71. Rh6 Kc8 72.
Rh3 Kd7 73. Rh8 Kc7 74. Rh7+ Kc8 75. d6 Kd8 76. Rh6 Kd7 77. Kd5 Rd1 78. Rh7+
Kd8 79. Rh8+ Kd7 80. Rh7+ Kd8 81. Rxh2 Rxd3+ 82. Ke5 Re3+ 83. Kf6 Kd7 84. Rh6
Re6+ 85. Kg7 Rxh6 86. Kxh6 Kxd6 1/2-1/2

[Event "Biel Master Tournament"]
[Site "Biel"]
[Date "2011.07.18"]
[Round "1"]
[White "Donchenko, Alexander"]
[Black "Bu, Xiangzhi"]
[Result "0-1"]
[WhiteElo "2280"]
[BlackElo "2675"]
[PlyCount "98"]
[EventDate "2011.??.??"]
[EventCountry "SUI"]

1. d4 Nf6 2. c4 e6 3. Nf3 c5 4. Nc3 cxd4 5. Nxd4 Nc6 6. Ndb5 d6 7. Bf4 e5 8.
Bg5 a6 9. Na3 Be7 10. e3 O-O 11. Be2 Be6 12. O-O Rc8 13. Qd2 Qa5 14. Rfd1 Rfd8
15. Bxf6 Bxf6 16. Bf3 Rd7 17. h3 Bg5 18. Nd5 Bd8 19. Qd3 g6 20. Qb3 Kg7 21. Nb1
Qc5 22. Qc3 Ne7 23. Na3 Bxd5 24. Bxd5 Nxd5 25. Rxd5 Qxd5 26. cxd5 Rxc3 27. bxc3
b5 28. c4 b4 29. Nb1 a5 30. Nd2 a4 31. Rb1 Ba5 32. Rb2 f5 33. Kf1 Kf6 34. f3
Rb7 35. Ke2 b3 36. axb3 a3 37. Rc2 Bxd2 38. Kxd2 Rxb3 39. g3 f4 40. gxf4 exf4
41. exf4 Rxf3 42. Rc1 Rxh3 43. Kc2 Re3 44. Kb1 h5 45. c5 dxc5 46. Rxc5 h4 47.
d6 Rd3 48. Rc7 h3 49. Rh7 Kf5 0-1

[Event "Biel Master Tournament"]
[Site "Biel"]
[Date "2011.07.18"]
[Round "1"]
[White "Gharamian, Tigran"]
[Black "Efroimski, Marsel"]
[Result "1-0"]
[WhiteElo "2670"]
[BlackElo "2235"]
[PlyCount "61"]
[EventDate "2011.??.??"]
[EventCountry "SUI"]

1. d4 Nf6 2. c4 g6 3. Nf3 Bg7 4. Nc3 d5 5. cxd5 Nxd5 6. e4 Nxc3 7. bxc3 c5 8.
Be3 O-O 9. Qd2 Qc7 10. Be2 Nc6 11. Rc1 e6 12. Bh6 cxd4 13. Bxg7 Kxg7 14. cxd4
Qa5 15. Qxa5 Nxa5 16. Rc7 b6 17. Kd2 Bb7 18. Ke3 Rac8 19. Rhc1 Rxc7 20. Rxc7
Rc8 21. Rd7 Rc3+ 22. Kd2 Ra3 23. Ng5 Rxa2+ 24. Ke3 Kg8 25. f3 Ra3+ 26. Kf4 Ra2
27. Ke5 Bc6 28. Rc7 Rxe2 29. Kf6 Be8 30. Nxf7 h5 31. Rc8 1-0

[Event "Biel Master Tournament"]
[Site "Biel"]
[Date "2011.07.18"]
[Round "1"]
[White "Nielsen, Joachim Birger"]
[Black "Cheparinov, Ivan"]
[Result "0-1"]
[WhiteElo "2224"]
[BlackElo "2669"]
[PlyCount "102"]
[EventDate "2011.??.??"]
[EventCountry "SUI"]

1. e4 c5 2. Nf3 d6 3. d4 cxd4 4. Nxd4 Nf6 5. Nc3 a6 6. Be3 e6 7. g4 h6 8. Bg2
Nc6 9. h3 Ne5 10. Qe2 g5 11. O-O-O Bd7 12. Nf3 b5 13. Nxe5 dxe5 14. h4 Rg8 15.
hxg5 hxg5 16. Bf3 Qc7 17. Qd2 b4 18. Ne2 Rc8 19. Kb1 Ba4 20. b3 Bb5 21. Ng3 a5
22. Be2 Bxe2 23. Qxe2 Qc6 24. f3 Bc5 25. Rd2 Ke7 26. Rhd1 Bxe3 27. Qxe3 Qc5 28.
Qxc5+ Rxc5 29. Rh2 Ne8 30. Rhd2 Nf6 31. Rh2 Rgc8 32. Rd3 R5c6 33. Nf1 Ne8 34.
Ne3 Nd6 35. Rh5 Kf6 36. Rh6+ Kg7 37. Rh5 Kg6 38. Rh2 Nb5 39. Nc4 Rxc4 40. bxc4
Rxc4 41. Kb2 a4 42. Rh8 Nd4 43. Rd2 a3+ 44. Kb1 Nxf3 45. Rf2 Rxe4 46. c3 Rf4
47. Rh3 e4 48. cxb4 Nd4 49. Rxf4 gxf4 50. Kc1 e3 51. Kd1 f3 0-1

[Event "Biel Master Tournament"]
[Site "Biel"]
[Date "2011.07.18"]
[Round "1"]
[White "Gerstner, Bernhard"]
[Black "Bauer, Christian"]
[Result "0-1"]
[WhiteElo "2200"]
[BlackElo "2637"]
[PlyCount "52"]
[EventDate "2011.??.??"]
[EventCountry "SUI"]
[BlackTeam "Montpellier"]

1. Nf3 b6 2. c4 Bb7 3. g3 Bxf3 4. exf3 c5 5. d4 cxd4 6. Qxd4 Nc6 7. Qd2 e6 8.
Nc3 Qf6 9. Be2 Bb4 10. O-O Bxc3 11. bxc3 Nge7 12. Ba3 Rd8 13. Rfd1 O-O 14. Bd6
Rfe8 15. g4 Ng6 16. Qe3 e5 17. c5 bxc5 18. Bc7 Rc8 19. Rxd7 Re7 20. Rd6 Re6 21.
Rd7 Nf8 22. Rad1 Nd4 23. cxd4 exd4 24. g5 Qg6 25. Bd3 dxe3 26. Bxg6 hxg6 0-1

[Event "Biel Master Tournament"]
[Site "Biel"]
[Date "2011.07.18"]
[Round "1"]
[White "Rodshtein, Maxim"]
[Black "Bozinovic, Bogdan"]
[Result "1-0"]
[WhiteElo "2637"]
[BlackElo "2199"]
[PlyCount "57"]
[EventDate "2011.??.??"]
[EventCountry "SUI"]

1. d4 Nf6 2. c4 c5 3. d5 a6 4. Qc2 e6 5. e4 d6 6. Nc3 exd5 7. exd5 g6 8. Bd3
Bg7 9. Qe2+ Kf8 10. h3 Nbd7 11. Nf3 b5 12. cxb5 Nb6 13. O-O Qc7 14. bxa6 c4 15.
Bc2 Bxa6 16. Nd4 Bb7 17. Ndb5 Qd7 18. a4 Re8 19. Be3 Nfxd5 20. Nxd5 Nxd5 21.
Qxc4 Rc8 22. Qe2 Nxe3 23. fxe3 Qe6 24. Rad1 Bh6 25. e4 Ba6 26. Qd3 d5 27. Bb3
Qb6+ 28. Kh1 Kg7 29. Rxf7+ 1-0

[Event "Biel Master Tournament"]
[Site "Biel"]
[Date "2011.07.18"]
[Round "1"]
[White "Stevic, Hrvoje"]
[Black "Hakimifard, Ghazal"]
[Result "1-0"]
[WhiteElo "2619"]
[BlackElo "2197"]
[PlyCount "105"]
[EventDate "2011.??.??"]
[EventCountry "SUI"]

1. e4 c5 2. d3 d6 3. f4 Nc6 4. Nf3 g6 5. Be2 Bg7 6. O-O e6 7. c3 Nge7 8. Be3
O-O 9. d4 b6 10. dxc5 dxc5 11. Na3 Qc7 12. Nb5 Qb8 13. Qd6 Ba6 14. Qxb8 Raxb8
15. Rfd1 Rbd8 16. Kf2 Bc8 17. Nd6 e5 18. Nxc8 Nxc8 19. Bb5 N8e7 20. f5 a6 21.
Ba4 Na5 22. g4 Nc8 23. Bd7 Nc4 24. Bxc8 Rxc8 25. b3 Nxe3 26. Kxe3 gxf5 27. gxf5
Rfd8 28. c4 Kf8 29. Rab1 Ke7 30. Rd5 f6 31. Ng1 Bh6+ 32. Kf3 b5 33. Ne2 b4 34.
Rbd1 Rb8 35. Ng3 Rbc8 36. h4 Bg7 37. Nh5 Bh8 38. R1d3 a5 39. Ke2 Rxd5 40. exd5
Rg8 41. Rg3 Ra8 42. Kd3 Rd8 43. Rg4 Kf7 44. Ke4 Rd7 45. Rg2 Rd6 46. a3 Ra6 47.
Ra2 bxa3 48. Rxa3 Bg7 49. Ng3 Bf8 50. Kf3 Bd6 51. Ne4 Ke7 52. Kg4 Ra8 53. Kh5
1-0

[Event "Biel Master Tournament"]
[Site "Biel"]
[Date "2011.07.18"]
[Round "1"]
[White "Curien, Nicolas"]
[Black "Brkic, Ante"]
[Result "0-1"]
[WhiteElo "2196"]
[BlackElo "2598"]
[PlyCount "44"]
[EventDate "2011.??.??"]
[EventCountry "SUI"]
[WhiteTeam "Bern"]

1. d4 d5 2. Nf3 Nf6 3. e3 c6 4. Bd3 Bg4 5. h3 Bxf3 6. gxf3 c5 7. dxc5 Nc6 8. b3
e5 9. Bb2 Bxc5 10. Nd2 O-O 11. Rg1 Qe7 12. Qe2 Rfd8 13. O-O-O Ba3 14. Kb1 a5
15. Ba1 a4 16. Rg5 axb3 17. axb3 Bc1 18. Kxc1 Rxa1+ 19. Nb1 Qa3+ 20. Kd2 Qa5+
21. c3 Ra2+ 22. Bc2 Rxc2+ 0-1

[Event "Biel Master Tournament"]
[Site "Biel"]
[Date "2011.07.18"]
[Round "1"]
[White "Edouard, Romain"]
[Black "Grandadam, Patrik"]
[Result "1-0"]
[WhiteElo "2587"]
[BlackElo "2178"]
[PlyCount "53"]
[EventDate "2011.??.??"]
[EventCountry "SUI"]
[BlackTeam "Huningue"]

1. d4 d5 2. c4 e6 3. Nf3 Nf6 4. Nc3 Bb4 5. cxd5 exd5 6. Bg5 h6 7. Bh4 O-O 8. e3
c6 9. Bd3 Qd6 10. O-O Bg4 11. h3 Bh5 12. Qc2 Bxf3 13. gxf3 Nbd7 14. a3 Bxc3 15.
bxc3 c5 16. Kh1 cxd4 17. cxd4 Rac8 18. Qb1 Rc3 19. Bf5 b6 20. Qb4 Qc6 21. Rg1
a5 22. Qe7 b5 23. Rab1 Kh8 24. f4 Rc4 25. Kh2 Rc3 26. Rg2 Rg8 27. Rbg1 1-0

[Event "Biel Master Tournament"]
[Site "Biel"]
[Date "2011.07.18"]
[Round "1"]
[White "Cherniaev, Alexander"]
[Black "Jenal, Juerg"]
[Result "1-0"]
[WhiteElo "2440"]
[BlackElo "2169"]
[PlyCount "71"]
[EventDate "2011.??.??"]
[EventCountry "SUI"]
[WhiteTeam "Arkhangelsk"]
[BlackTeam "St. Gallen"]

1. e4 c5 2. c3 d5 3. exd5 Qxd5 4. d4 Nf6 5. Nf3 e6 6. a3 Be7 7. Be3 cxd4 8.
cxd4 O-O 9. Nc3 Qd8 10. Bd3 Nc6 11. O-O b6 12. Qc2 Bb7 13. Rad1 Rc8 14. Rfe1 g6
15. Qe2 Nd5 16. Bh6 Nxc3 17. bxc3 Re8 18. Bc1 Na5 19. Bb5 Bc6 20. Ba6 Ba4 21.
Rd3 Rc7 22. Ne5 Bd6 23. Rh3 Nc6 24. Nc4 Bf8 25. Bf4 Rd7 26. Nb2 Bb3 27. Bb5 Bd5
28. Nc4 Qc8 29. Ne3 Bg7 30. Qf1 Rdd8 31. Bg5 f6 32. Bf4 g5 33. Nxd5 exd5 34.
Bd2 Rxe1 35. Qxe1 Qc7 36. Qe6+ 1-0

[Event "Biel Master Tournament"]
[Site "Biel"]
[Date "2011.07.18"]
[Round "1"]
[White "Charmier, Gregory"]
[Black "Kovchan, Alexander"]
[Result "0-1"]
[WhiteElo "2166"]
[BlackElo "2554"]
[PlyCount "63"]
[EventDate "2011.??.??"]
[EventCountry "SUI"]
[WhiteTeam "Yverdon-les-Bains"]

1. d4 Nf6 2. Bf4 d6 3. e3 g6 4. Nf3 Bg7 5. Be2 O-O 6. O-O Nfd7 7. h3 Nc6 8. Bh2
e5 9. c4 f5 10. Nc3 h6 11. dxe5 Ncxe5 12. Qd5+ Nf7 13. Rad1 Bxc3 14. bxc3 Nc5
15. Ne5 Qf6 16. Nxf7 Qxf7 17. Qxf7+ Rxf7 18. Bf3 Be6 19. Bd5 Re8 20. Rd4 Kg7
21. Rb1 g5 22. Kf1 Kg6 23. Bxb7 Rb8 24. Be4 Rff8 25. Rxb8 Rxb8 26. Bd5 Rb2 27.
a4 Ra2 28. g4 fxg4 29. hxg4 Rxa4 30. Kg2 a5 31. e4 Bxd5 32. Rxd5 0-1

[Event "Biel Master Tournament"]
[Site "Biel"]
[Date "2011.07.18"]
[Round "1"]
[White "Alsina Leal, Daniel"]
[Black "Lampert, Jonas"]
[Result "1-0"]
[WhiteElo "2549"]
[BlackElo "2164"]
[PlyCount "109"]
[EventDate "2011.??.??"]
[EventCountry "SUI"]

1. e4 e5 2. Nf3 Nf6 3. Nxe5 d6 4. Nf3 Nxe4 5. d4 d5 6. Bd3 Nc6 7. O-O Be7 8.
Nc3 Nxc3 9. bxc3 Bg4 10. Re1 O-O 11. Rb1 Rb8 12. Bf4 h6 13. h3 Bh5 14. Re3 Bd6
15. Bxd6 Qxd6 16. Qd2 Bg6 17. Rbe1 Bxd3 18. Qxd3 Qd7 19. Qe2 Qd8 20. c4 Qf6 21.
c3 Rbd8 22. Nd2 dxc4 23. Qxc4 Qd6 24. Qe2 b6 25. Ne4 Qd5 26. Ng3 f5 27. Nh5 f4
28. Qg4 Qg5 29. Re6 Rd6 30. Rxd6 Qxg4 31. hxg4 cxd6 32. Re6 Na5 33. Rxd6 Nc4
34. Rd7 g5 35. Rxa7 Rf7 36. Ra8+ Kh7 37. f3 Nd2 38. d5 Nc4 39. Rd8 Kg6 40. d6
Ne5 41. Rg8+ Kh7 42. Rb8 Nd7 43. Rb7 Kg6 44. c4 Rh7 45. a4 Rf7 46. Kf2 Rh7 47.
Ke2 Rf7 48. Kd2 Ne5 49. Rc7 Rxc7 50. dxc7 Nxc4+ 51. Kc3 Nd6 52. Kd4 Kf7 53. Kd5
Ke7 54. Kc6 Nc8 55. Ng7 1-0

[Event "Biel Master Tournament"]
[Site "Biel"]
[Date "2011.07.18"]
[Round "1"]
[White "Ghattour, Mosab"]
[Black "Megaranto, Susanto"]
[Result "0-1"]
[WhiteElo "2089"]
[BlackElo "2544"]
[PlyCount "64"]
[EventDate "2011.??.??"]
[EventCountry "SUI"]
[WhiteTeam "Genève 2"]

1. e4 c6 2. d4 d5 3. e5 c5 4. c3 Nc6 5. Be3 cxd4 6. cxd4 Bf5 7. Nc3 e6 8. Bd3
Bxd3 9. Qxd3 Nge7 10. Nf3 Nf5 11. O-O Be7 12. Ne2 O-O 13. Bd2 Rc8 14. Ng3 Nxg3
15. hxg3 Qb6 16. Rab1 Nb4 17. Bxb4 Qxb4 18. g4 Qc4 19. Qe3 Qc2 20. Nh2 b5 21.
Rfe1 a5 22. g3 Rc4 23. Rec1 Qg6 24. Rxc4 bxc4 25. Rc1 a4 26. Qe2 Rb8 27. Nf1 h6
28. Ne3 a3 29. bxa3 Bxa3 30. Rc2 Rb1+ 31. Nf1 Bb4 32. Rb2 Bc3 0-1

[Event "Biel Master Tournament"]
[Site "Biel"]
[Date "2011.07.18"]
[Round "1"]
[White "Shankland, Samuel"]
[Black "Perman, Sergej"]
[Result "1/2-1/2"]
[WhiteElo "2539"]
[BlackElo "2153"]
[PlyCount "107"]
[EventDate "2011.??.??"]
[EventCountry "SUI"]

1. d4 Nf6 2. c4 g6 3. Nf3 Bg7 4. g3 O-O 5. Bg2 d6 6. O-O Nc6 7. Nc3 Nd7 8. Rb1
h6 9. e4 Nb6 10. b3 Bg4 11. Be3 e5 12. d5 Ne7 13. Qd2 Bxf3 14. Bxf3 Kh7 15. Be2
Nd7 16. b4 f5 17. f3 f4 18. Bf2 h5 19. c5 Nc8 20. c6 bxc6 21. dxc6 Nf6 22. Ba6
Bh6 23. Qd3 fxg3 24. hxg3 h4 25. g4 h3 26. Bb7 Rb8 27. Bh4 Bf4 28. Nd5 g5 29.
Nxf4 gxf4 30. Rf2 Kg6 31. Rh2 Rh8 32. Rxh3 Nb6 33. Kg2 Qg8 34. Qc2 Nc4 35. Qb3
Ne3+ 36. Kf2 Rh7 37. Rbh1 Qxb3 38. axb3 Rbh8 39. Kg1 Ne8 40. R3h2 Ng7 41. Bf2
Rxh2 42. Rxh2 Rxh2 43. Kxh2 Ne6 44. Bh4 Ng5 45. Bxg5 Kxg5 46. Ba6 Nc2 47. Kg2
Nxb4 48. Bb5 Nc2 49. Bc4 Nb4 50. Bd5 Nc2 51. Kf2 a5 52. Ke2 Nd4+ 53. Kf2 Nc2
54. Ke2 1/2-1/2

[Event "Biel Master Tournament"]
[Site "Biel"]
[Date "2011.07.18"]
[Round "1"]
[White "Perman, Jewgenij"]
[Black "Ulibin, Mikhail"]
[Result "1/2-1/2"]
[WhiteElo "2149"]
[BlackElo "2538"]
[PlyCount "130"]
[EventDate "2011.??.??"]
[EventCountry "SUI"]

1. e4 e6 2. d4 d5 3. exd5 exd5 4. Nf3 Bd6 5. c4 Nf6 6. Bg5 dxc4 7. Bxc4 O-O 8.
O-O h6 9. Bh4 Nc6 10. Nc3 Bg4 11. h3 Bxf3 12. Qxf3 g5 13. Ne4 Nxe4 14. Qxe4 Kg7
15. d5 f5 16. Qc2 Nd4 17. Qd3 Qf6 18. Rad1 Bc5 19. Bg3 f4 20. Bh2 a5 21. Kh1
Rae8 22. g3 f3 23. g4 Re7 24. Rde1 Ne2 25. Bb3 Qd4 26. Qxd4+ Bxd4 27. d6 cxd6
28. Bxd6 Ree8 29. Bxf8+ Rxf8 30. Bd5 Nf4 31. Bxf3 Bc5 32. Bxb7 Rb8 33. Re5 Nd3
34. Rd5 Rxb7 35. Rxd3 Rxb2 36. Rd5 Bxf2 37. Rxa5 Bg3 38. Rf3 Bf4 39. a4 Rh2+
40. Kg1 Rd2 41. Ra6 Rb2 42. Ra7+ Kf6 43. a5 Ra2 44. a6 Ke5 45. Ra8 Ke4 46. Rb3
Be3+ 47. Rxe3+ Kxe3 48. a7 Ra1+ 49. Kg2 Kd2 50. Kg3 Kd3 51. h4 Ke4 52. Kf2 Ra2+
53. Ke1 Ra1+ 54. Kd2 Ra2+ 55. Kc3 gxh4 56. Re8+ Kf3 57. a8=Q+ Rxa8 58. Rxa8 h3
59. Rh8 Kxg4 60. Rxh6 Kg3 61. Kd3 h2 62. Ke2 Kg2 63. Rg6+ Kh1 64. Rf6 Kg2 65.
Rf2+ Kg1 1/2-1/2

[Event "Biel Master Tournament"]
[Site "Biel"]
[Date "2011.07.19"]
[Round "2"]
[White "Bu, Xiangzhi"]
[Black "Arnold, Marc"]
[Result "1-0"]
[WhiteElo "2675"]
[BlackElo "2445"]
[PlyCount "77"]
[EventDate "2011.??.??"]
[EventCountry "SUI"]

1. Nf3 Nf6 2. c4 e6 3. g3 d5 4. Bg2 Be7 5. O-O O-O 6. d4 c6 7. Qc2 b6 8. Rd1
Bb7 9. Nbd2 Nbd7 10. e4 dxc4 11. Nxc4 c5 12. Nfe5 cxd4 13. Rxd4 Qc8 14. Nxd7
Nxd7 15. Qd1 Bc6 16. Bf4 Bc5 17. Nd6 Qa6 18. Bf1 b5 19. Nxb5 e5 20. Nd6 Qb6 21.
Nc4 Qb8 22. Rxd7 exf4 23. Rd3 Bxe4 24. Rb3 Qc7 25. Rc1 Rad8 26. Nd2 Rd5 27.
Rxc5 Rxc5 28. Nxe4 Rc1 29. Qe2 Rc2 30. Qf3 Rb8 31. Rxb8+ Qxb8 32. b3 Rxa2 33.
Bc4 Ra5 34. Qd3 fxg3 35. hxg3 Rf5 36. Qd7 g6 37. Nd6 Rf6 38. Nxf7 Qb6 39. Ng5+
1-0

[Event "Biel Master Tournament"]
[Site "Biel"]
[Date "2011.07.19"]
[Round "2"]
[White "Bauer, Christian"]
[Black "Filipovic, Branko"]
[Result "1-0"]
[WhiteElo "2637"]
[BlackElo "2421"]
[PlyCount "73"]
[EventDate "2011.??.??"]
[EventCountry "SUI"]
[WhiteTeam "Montpellier"]
[BlackTeam "Basel"]

1. e4 b6 2. d4 Bb7 3. Bd3 e6 4. c4 Bb4+ 5. Bd2 Bxd2+ 6. Nxd2 Nh6 7. Ngf3 O-O 8.
O-O Nc6 9. Re1 f6 10. a3 e5 11. d5 Ne7 12. c5 d6 13. b4 g5 14. Rc1 Ng6 15. Nc4
g4 16. Nfd2 Nf4 17. Bf1 Kh8 18. g3 Nh3+ 19. Bxh3 gxh3 20. Qh5 Nf7 21. Nf3 Bc8
22. Nh4 Kg8 23. cxd6 cxd6 24. Ne3 a5 25. Nef5 Ra7 26. Qg4+ Ng5 27. f4 exf4 28.
gxf4 Rg7 29. Kh1 Ne6 30. Nxg7 Nxg7 31. Rxc8 Qxc8 32. Nf5 Qc7 33. Rg1 Rf7 34.
Nh6+ Kf8 35. Nxf7 Qxf7 36. Qc8+ Ne8 37. Qe6 1-0

[Event "Biel Master Tournament"]
[Site "Biel"]
[Date "2011.07.19"]
[Round "2"]
[White "Nezad, Husein"]
[Black "Rodshtein, Maxim"]
[Result "1/2-1/2"]
[WhiteElo "2423"]
[BlackElo "2637"]
[PlyCount "102"]
[EventDate "2011.??.??"]
[EventCountry "SUI"]

1. d4 Nf6 2. c4 g6 3. Nc3 d5 4. Bg5 Ne4 5. Bh4 Nxc3 6. bxc3 dxc4 7. e3 Be6 8.
Nf3 Bg7 9. Be2 Nd7 10. O-O Nb6 11. e4 O-O 12. Nd2 Qe8 13. Rc1 Kh8 14. d5 Bd7
15. Nxc4 e6 16. Re1 Na4 17. Qd2 Nc5 18. Bf1 b6 19. Nb2 e5 20. Nd3 Nb7 21. c4 c5
22. dxc6 Bxc6 23. c5 Bb5 24. cxb6 axb6 25. Rc7 Qb8 26. Rec1 Bxd3 27. Bxd3 Nc5
28. Rc6 Qa7 29. Bb1 Ne6 30. Qb2 Nd4 31. Rc7 Qa6 32. Kh1 Kg8 33. Bg5 Ne6 34. h4
Nxc7 35. Rxc7 b5 36. Qb3 Qb6 37. Qc2 Ra7 38. Rc6 Qa5 39. Be3 Rd7 40. Kh2 Qe1
41. a3 h5 42. Ba2 Kh7 43. Bd5 Qa5 44. Qb3 Qa4 45. Qc3 Rfd8 46. Bg5 Ra8 47. Qh3
Raa7 48. Be3 Qxa3 49. Bxa7 Qxa7 50. Ra6 Qc7 51. Qb3 Qc1 1/2-1/2

[Event "Biel Master Tournament"]
[Site "Biel"]
[Date "2011.07.19"]
[Round "2"]
[White "Baklan, Vladimir"]
[Black "Haimovich, Tal"]
[Result "1-0"]
[WhiteElo "2620"]
[BlackElo "2419"]
[PlyCount "63"]
[EventDate "2011.??.??"]
[EventCountry "SUI"]

1. e4 e6 2. d4 d5 3. Nd2 c5 4. Ngf3 cxd4 5. exd5 exd5 6. Bb5+ Bd7 7. Qe2+ Be7
8. O-O Nf6 9. Re1 Bxb5 10. Qxb5+ Qd7 11. Qxd7+ Nbxd7 12. Nxd4 g6 13. N2b3 Kd8
14. Na5 Bb4 15. Nac6+ bxc6 16. Nxc6+ Kc7 17. Nxb4 Rhe8 18. Be3 Re4 19. c3 a5
20. Nc2 Rae8 21. h3 Kb7 22. Red1 R4e6 23. a3 Nb6 24. Nd4 Re4 25. Nb3 Kc7 26.
Nxa5 Nfd7 27. b4 Rxe3 28. fxe3 Rxe3 29. Rdc1 Re2 30. Nb3 Nc4 31. Nd4 Rb2 32.
Rc2 1-0

[Event "Biel Master Tournament"]
[Site "Biel"]
[Date "2011.07.19"]
[Round "2"]
[White "Barus, Cerdas"]
[Black "Stevic, Hrvoje"]
[Result "0-1"]
[WhiteElo "2420"]
[BlackElo "2619"]
[PlyCount "148"]
[EventDate "2011.??.??"]
[EventCountry "SUI"]

1. d4 d5 2. Nf3 Nf6 3. c4 dxc4 4. e3 Bg4 5. Bxc4 e6 6. Nc3 a6 7. h3 Bh5 8. g4
Bg6 9. Ne5 Nbd7 10. Nxg6 hxg6 11. Bf1 c6 12. Bg2 Bd6 13. O-O Qe7 14. e4 e5 15.
d5 c5 16. Be3 Nh7 17. Nb1 Ng5 18. Bxg5 Qxg5 19. Nd2 b5 20. a4 O-O 21. b3 Rfb8
22. Qe2 c4 23. bxc4 bxa4 24. c5 Nxc5 25. Nc4 Qd8 26. f4 Qc7 27. Nxe5 Bxe5 28.
fxe5 Qxe5 29. Qf2 Nxe4 30. Qxf7+ Kh7 31. Rae1 Rb2 32. Qf3 Qd4+ 33. Qe3 Qxe3+
34. Rxe3 Nd2 35. Rf2 Rab8 36. d6 Nc4 37. Rxb2 Rxb2 38. Rd3 Rb8 39. d7 Rd8 40.
Rd4 Nb2 41. Be4 a3 42. Bb1 Kg8 43. Rd6 a5 44. Kf2 Kf7 45. h4 a4 46. Ke2 g5 47.
h5 Ke7 48. Rg6 Kf8 49. Rd6 Nc4 50. Ra6 Rxd7 51. Rxa4 Rd2+ 52. Kf3 Rd4 53. Kg3
Ke7 54. Bh7 Kd6 55. Bg8 Rd3+ 56. Kf2 Ne5 57. Ke2 Rh3 58. Kd2 Rg3 59. Ra7 Nd7
60. Kc2 Rg2+ 61. Kd1 Nf6 62. Bb3 Rxg4 63. Rxa3 Nxh5 64. Bf7 Nf6 65. Ke2 Re4+
66. Kf3 Rf4+ 67. Kg2 Nd7 68. Ra6+ Ke7 69. Bb3 Rg4+ 70. Kf2 Rb4 71. Re6+ Kf8 72.
Re3 Nf6 73. Bd1 Rd4 74. Bb3 Ng4+ 0-1

[Event "Biel Master Tournament"]
[Site "Biel"]
[Date "2011.07.19"]
[Round "2"]
[White "Brkic, Ante"]
[Black "Klauser, Markus"]
[Result "1-0"]
[WhiteElo "2598"]
[BlackElo "2386"]
[PlyCount "93"]
[EventDate "2011.??.??"]
[EventCountry "SUI"]
[BlackTeam "Belp"]

1. e4 e5 2. Nf3 Nc6 3. Bc4 Bc5 4. O-O d6 5. c3 Nf6 6. d3 a6 7. Bb3 Ba7 8. Re1
h6 9. Nbd2 O-O 10. Nf1 Re8 11. h3 Be6 12. Bc2 d5 13. exd5 Qxd5 14. Ng3 Rad8 15.
Be3 Bxe3 16. fxe3 Qd6 17. e4 Ne7 18. Kh2 Ng6 19. d4 c5 20. d5 Bc8 21. a4 Rf8
22. a5 Qc7 23. Nd2 Ne8 24. Nc4 Nd6 25. Nb6 Nf4 26. Nh5 Nxh5 27. Qxh5 Qe7 28. c4
Bd7 29. b4 cxb4 30. c5 Nb5 31. d6 Qe6 32. Nd5 Nd4 33. Bd1 f6 34. Rb1 Bc6 35.
Ne7+ Kh7 36. Rxb4 Qf7 37. Qxf7 Rxf7 38. Bh5 Rff8 39. Bg6+ Kh8 40. Nxc6 bxc6 41.
Rb6 Ne6 42. Rxc6 Nf4 43. Bf5 g6 44. Bg4 h5 45. Be2 Rc8 46. Rxc8 Rxc8 47. d7 1-0

[Event "Biel Master Tournament"]
[Site "Biel"]
[Date "2011.07.19"]
[Round "2"]
[White "Paikidze, Nazi"]
[Black "Gleizerov, Evgeny"]
[Result "0-1"]
[WhiteElo "2416"]
[BlackElo "2590"]
[PlyCount "114"]
[EventDate "2011.??.??"]
[EventCountry "SUI"]

1. e4 e6 2. d4 d5 3. Nc3 Nf6 4. e5 Nfd7 5. f4 c5 6. Nf3 Nc6 7. Be3 Be7 8. Qd2
O-O 9. Be2 b6 10. Nd1 cxd4 11. Nxd4 Nxd4 12. Bxd4 Nb8 13. c3 Nc6 14. Ne3 Nxd4
15. cxd4 Bd7 16. O-O b5 17. f5 f6 18. Kh1 Qb6 19. Rad1 Rad8 20. exf6 Bxf6 21.
Bf3 Qd6 22. Qd3 Bg5 23. fxe6 Bxe6 24. Rde1 a6 25. Bd1 Rxf1+ 26. Nxf1 g6 27. Bf3
Kg7 28. a3 Rc8 29. Ne3 Bf6 30. g3 Qd7 31. Rd1 Rf8 32. Bg2 Bg5 33. Kg1 Re8 34.
Re1 Bh3 35. Bxh3 Qxh3 36. Ng2 Rxe1+ 37. Nxe1 Qe6 38. Kf2 Bf6 39. Nf3 g5 40. Qc3
Qf5 41. Kg2 Qe4 42. Kf2 g4 43. Ne5 h5 44. Qc7+ Kh6 45. Qb6 Qc2+ 46. Ke3 Kg5 47.
Nd3 Qxh2 48. Qb8 Qg1+ 49. Kd2 Qxd4 50. Qg8+ Kh6 51. Qe6 a5 52. Qa6 b4 53. axb4
axb4 54. Qd6 b3 55. Qf8+ Bg7 56. Qd6+ Kh7 57. Qe6 Qe4 0-1

[Event "Biel Master Tournament"]
[Site "Biel"]
[Date "2011.07.19"]
[Round "2"]
[White "Nyzhnyk, Illya"]
[Black "Purnama, Tirta Chandra"]
[Result "1-0"]
[WhiteElo "2589"]
[BlackElo "2379"]
[PlyCount "109"]
[EventDate "2011.??.??"]
[EventCountry "SUI"]

1. d4 Nf6 2. c4 g6 3. Nf3 Bg7 4. g3 O-O 5. Bg2 d6 6. O-O Nc6 7. Nc3 Bf5 8. b3
Ne4 9. Nd5 e6 10. Ne3 Nc3 11. Qd2 Ne4 12. Qb2 Ng5 13. Nxf5 Nxf3+ 14. Bxf3 gxf5
15. e3 e5 16. Qc2 exd4 17. Qxf5 Qf6 18. Qxf6 Bxf6 19. Bb2 Ne5 20. Bxb7 Rab8 21.
Bd5 c6 22. Bg2 c5 23. Rab1 dxe3 24. f4 Nd7 25. Bc6 Rfd8 26. Rfe1 Rb6 27. Ba4
Bxb2 28. Rxb2 Nf6 29. Rxe3 d5 30. Re5 dxc4 31. Rxc5 Rd1+ 32. Kg2 Rc1 33. Re2 c3
34. Bc6 Rb4 35. Rc4 Rb8 36. Bf3 Rd8 37. g4 Rd2 38. Rxd2 cxd2 39. Rd4 Rc2 40.
Kg3 h6 41. g5 hxg5 42. fxg5 Nh7 43. h4 Rxa2 44. Rd8+ Kg7 45. Kg4 Ra1 46. Rxd2
Rg1+ 47. Rg2 Rxg2+ 48. Bxg2 f6 49. Be4 fxg5 50. Bxh7 Kxh7 51. Kxg5 Kg7 52. b4
a6 53. Kf5 Kh6 54. Ke5 Kh5 55. Kd6 1-0

[Event "Biel Master Tournament"]
[Site "Biel"]
[Date "2011.07.19"]
[Round "2"]
[White "Sokolov, Andrei"]
[Black "Sukandar, Irine Kharisma"]
[Result "1-0"]
[WhiteElo "2579"]
[BlackElo "2366"]
[PlyCount "73"]
[EventDate "2011.??.??"]
[EventCountry "SUI"]
[WhiteTeam "Belfort"]

1. e4 e5 2. Bc4 Nf6 3. d3 c6 4. Nf3 d5 5. Bb3 Bd6 6. Nc3 dxe4 7. Ng5 O-O 8.
Ncxe4 Nxe4 9. Nxe4 Bb4+ 10. c3 Be7 11. O-O Bf5 12. Qh5 Bxe4 13. dxe4 Nd7 14.
Be3 Qc7 15. Rad1 Nf6 16. Qf5 a5 17. f4 exf4 18. Rxf4 a4 19. Bc2 Ra5 20. Qh3 Qc8
21. Qf3 Qe6 22. b4 Raa8 23. Bd4 Ne8 24. e5 g6 25. Rf1 Qxa2 26. Bb1 Qe6 27. Qf2
Nc7 28. Ba2 Nd5 29. Rf3 b5 30. Qd2 h5 31. Qh6 Bh4 32. Rf6 Qg4 33. Rxc6 Ne7 34.
Rxf7 Rxf7 35. Bxf7+ Kxf7 36. e6+ Qxe6 37. Qg7+ 1-0